Canaletto : una Venècia imaginària / a cura de Dario Succi i Annalia Delneri una Venècia imaginària / a cura de Dario Succi i Annalia Delneri
ISBN:
84-7794-761-9
Publicado:
Barcelona :
Centre de Cultura Contemporània de Barcelona : Institut d'Edicions de la Diputació de Barcelona, Cop. 2001
Descripción Física:
271 p. : il. col. ; 24 x 24 cm
Materias:
Canaletto -- Exposicions
MARC
| LEADER | 00000nam a2200000Ia 4500 | ||
|---|---|---|---|
| 001 | 13130 | ||
| 008 | 160829s9999 xx 000 0 cat d | ||
| 020 | |a 84-7794-761-9 | ||
| 080 | |a B-1-386 | ||
| 100 | |a Canaletto |9 34555 | ||
| 245 | |a Canaletto : |b una Venècia imaginària / a cura de Dario Succi i Annalia Delneri | ||
| 260 | |a Barcelona : |b Centre de Cultura Contemporània de Barcelona : |b Institut d'Edicions de la Diputació de Barcelona, Cop. 2001 | ||
| 300 | |a 271 p. : |b il. col. ; |c 24 x 24 cm | ||
| 590 | |a Catàleg de l'exposició presentada al CCCB entre el 20 de febrer i el 13 de maig del 2001. | ||
| 590 | |a Conté reproduccions de les obres. | ||
| 650 | |a Canaletto |x Exposicions |9 34556 | ||
| 700 | |a Succi, Dario, ed. |9 34557 | ||
| 700 | 1 | |a Delneri, Annalia |9 34558 | |
| 710 | 2 | |a Centre de Cultura Contemporània de Barcelona |9 52510 | |
| 901 | |a Arxiu | ||
| 942 | |n 1 | ||
| 952 | |0 0 |1 0 |4 0 |6 B1386 |7 1 |9 46560 |a Arxiu |b Arxiu |d 2016-12-01 |l 0 |o B-1-386 |p 13130 |r 2016-12-01 00:00:00 |w 2016-12-01 |y ARXIU | ||
| 999 | |c 50353 |d 50353 | ||